Factors Considered in the Choice of Fresh Milk Brands by Consumers in Nakuru Municipality, Kenya (Record no. 216042)
[ view plain ]
| 000 -LEADER | |
|---|---|
| fixed length control field | 00625nam a22001577a 4500 |
| 008 - FIXED-LENGTH DATA ELEMENTS--GENERAL INFORMATION | |
| fixed length control field | 250818b |||||||| |||| 00| 0 eng d |
| 050 ## - LIBRARY OF CONGRESS CALL NUMBER | |
| Classification number | THE HF 5415 .O89 2006 |
| Item number | C.1 |
| 100 ## - MAIN ENTRY--PERSONAL NAME | |
| Personal name | Otwori, Jeremiah |
| 245 ## - TITLE STATEMENT | |
| Title | Factors Considered in the Choice of Fresh Milk Brands by Consumers in Nakuru Municipality, Kenya |
| 260 ## - PUBLICATION, DISTRIBUTION, ETC. | |
| Place of publication, distribution, etc. | Kisii |
| Name of publisher, distributor, etc. | Kisii University |
| Date of publication, distribution, etc. | 2006 |
| 300 ## - PHYSICAL DESCRIPTION | |
| Extent | ix, 55p.:ill. |
| 500 ## - GENERAL NOTE | |
| General note | Includes bibliographical references |
| 650 ## - SUBJECT ADDED ENTRY | |
| Topical term or geographic name entry element | 1. Consumer behavior—Kenya. 2. Milk—Marketing—Kenya. 3. Brand choice—Kenya. 4. Consumers—Kenya—Nakuru Municipality. |
| 942 ## - ADDED ENTRY ELEMENTS (KOHA) | |
| Source of classification or shelving scheme | Library of Congress Classification |
| Koha item type | Reference |
| Withdrawn status | Lost status | Source of classification or shelving scheme | Damaged status | Not for loan | Collection | Home library | Current library | Date acquired | Inventory number | Total checkouts | Full call number | Barcode | Date last seen | Copy number | Price effective from | Koha item type |
|---|---|---|---|---|---|---|---|---|---|---|---|---|---|---|---|---|
| Library of Congress Classification | Special Research | Kisii University Library | Kisii University Library | 08/18/2025 | 108053 | THE HF 5415 .O89 2006 | 000000024838 | 08/18/2025 | C.1 | 08/18/2025 | Reference |